000 00672nam a2200241Ia 4500
003 OSt
005 20220918173214.0
006 a|||||r|||| 00| 0
007 ta
008 220917b |||||||| |||| 00| 0 eng d
024 _a5,622
037 _cTextual
040 _aARTS
_cARTS
_beng
041 _2eng
_aeng
082 _a2.3124e.N5, L3
100 _aRamsden Michael J
245 0 _aHistory of the association of assistant librarians
260 _aLondon
_bLibrary association
_c1973
300 _ax,289p Bibliography
_ccm.
650 _aLIBRARY SCIENCE
942 _h2.3124e.N5, L3
_cTEXL
_2CC
999 _c147651
_d147651